| 000 | 00608nam a2200253Ia 4500 | ||
|---|---|---|---|
| 008 | 210210b2012 xxu||||| |||| 00| 0 eng d | ||
| 020 | _a9789381084144 | ||
| 041 | _aeng | ||
| 082 | _a332.1 MEHM | ||
| 100 | _aMEHATA (Kamlesh) | ||
| 245 |
_aMethods and techniques of modern banking _bComprehensive study |
||
| 260 |
_aDelhi _bSwastik Publications _c2012 |
||
| 300 | _aviii,280 | ||
| 650 | _atechniques | ||
| 650 | _astudy | ||
| 650 | _aof | ||
| 650 | _amodern | ||
| 650 | _aMethods | ||
| 650 | _aComprehensive | ||
| 650 | _abanking | ||
| 650 | _aand | ||
| 690 | _aBanking | ||
| 906 | _a065935 | ||
| 999 |
_c147310 _d147310 |
||